000 00705nab a2200229u 4500
001 17735
003 HDC
007 c| |||a|c|aaaa
008 210223b20140619my ||||| |||| 00| 0 may d
040 _aHDC
245 0 _aLabel tidak halal pada makanan diragui kesucian
336 _atext
_2rdacontent
337 _acomputer
_2rdamedia
338 _aonline resource
_2rdacarrier
650 _ahalal logo
_91692
650 _aJAKIM
_97825
710 _aBERITA HARIAN
856 _zRequest full-text at [email protected]
942 _2lcc
942 _cNEWS
942 _kNWSC 005011
999 _c15051
_d15051